| 000 | 01092nam a2200277 a 4500 | ||
|---|---|---|---|
| 001 | BRL_433 | ||
| 005 | 20190320210735.0 | ||
| 008 | 120813s2007----mx-a######---#000-0#spa-# | ||
| 020 | _a9680302466 | ||
| 020 | _a9789680302468 | ||
| 041 | _aspa | ||
| 044 | _amx | ||
| 050 | 4 |
_aGN325 _b.E86 2007 |
|
| 245 | 1 | 0 |
_aEtnografía de los confines _bandanzas de Anne Chapman _cAndrés Medina y Ángela Ochoa, coordinadores. |
| 260 |
_aMéxico _bINAH : Centro de Estudios Mexicanos y Centroamericanos : UNAM, Instituto de Investigaciones Antropológicas _c2007 |
||
| 300 |
_a300 p. _bil. _c26 cm. |
||
| 440 | 0 |
_aColección Científica _v514. Serie Antropología _9470 |
|
| 504 | _aIncluye referencias bibliográficas | ||
| 504 | _aBibliografía de Anne Chapman : p. 295-300 | ||
| 600 | 1 | 4 |
_aChapman, Anne MacKaye _d1922-2010 _923898 |
| 650 | 1 | 4 |
_aEtnografía _xAlocuciones, ensayos, conferencias _923899 |
| 650 | 1 | 4 |
_aAntropología simbólica _xAlocuciones, ensayos, conferencias _923900 |
| 700 | 1 |
_aMedina, Andrés _d1938- _ecoord. _923901 |
|
| 700 | 1 |
_aOchoa, Ángela _ecoord. _923902 |
|
| 942 |
_2lcc _cB |
||
| 999 |
_c9245 _d9245 |
||